It looks like you're offline.
Open Library logo
additional options menu

MARC record from Internet Archive

LEADER: 03088cam 2200613Ma 4500
001 ocn793213475
003 OCoLC
005 20200713043726.0
008 120425r20122000enk 000 f eng d
040 $aUKMGB$beng$cUKMGB$dTRACS$dOCLCF$dOCLCO$dOCLCQ$dYDXCP$dOCL$dATWFP$dUKMGB
015 $aGBB242350$2bnb
016 7 $a016076757$2Uk
020 $a9780749958091$q(pbk.)
020 $a074995809X$q(pbk.)
035 $a(OCoLC)793213475
043 $ae-uk-en
082 04 $a823.914$223
100 1 $aJeffrey, Elizabeth.
245 10 $aTo be a fine lady /$cElizabeth Jeffrey.
260 $aLondon :$bPiatkus,$c2012.
300 $a1 volume ;$c18 cm
336 $atext$btxt$2rdacontent
337 $aunmediated$bn$2rdamedia
338 $avolume$bnc$2rdacarrier
500 $aOriginally published: London: Inner Circle, 2000.
520 $aDomestic fiction. Abandoned as a baby, Joanna was brought up by the cruel farmer who found her and put to work on his land as soon as she could walk. Despite such hardship, Jo still keeps her spirits up, strengthened by the knowledge that she was discovered in a luxurious blue velvet cloak--evidence that her true mother must have been a fine lady. When successful factory owner Abraham Silkin decides that she has the potential to make him a good wife, Jo believes that her dreams of living in splendour are finally coming true. But she hasn't bargained on her forbidden attraction to Abraham's godson. Nor does she realise that the truth about her family lurks just around the corner--and is getting ready to reveal itself on the most important day of her life.
650 0 $aLife change events$vFiction.
650 0 $aCourtship$zEngland$zSouth Yorkshire$xHistory$y19th century$vFiction.
650 0 $aYoung women$zEngland$zSouth Yorkshire$xHistory$y19th century$vFiction.
650 0 $aSocial classes$zEngland$zSouth Yorkshire$xHistory$y19th century$vFiction.
650 0 $aAbandoned children$zEngland$zSouth Yorkshire$xHistory$y19th century$vFiction.
650 0 $aSocial classes$zEngland$zSheffield$xHistory$y19th century$vFiction.
650 0 $aHistorical fiction.
650 7 $aAbandoned children.$2fast$0(OCoLC)fst00794154
650 7 $aCourtship.$2fast$0(OCoLC)fst00881873
650 7 $aHistorical fiction.$2fast$0(OCoLC)fst00957973
650 7 $aLife change events.$2fast$0(OCoLC)fst00998231
650 7 $aSocial classes.$2fast$0(OCoLC)fst01122346
650 7 $aYoung women.$2fast$0(OCoLC)fst01183301
651 7 $aEngland$zSheffield.$2fast$0(OCoLC)fst01205665
651 7 $aEngland$zSouth Yorkshire.$2fast$0(OCoLC)fst01222639
648 7 $a1800-1899$2fast
655 7 $aFiction.$2fast$0(OCoLC)fst01423787
655 7 $aHistory.$2fast$0(OCoLC)fst01411628
938 $aYBP Library Services$bYANK$n7354704
029 1 $aAU@$b000050104468
029 1 $aNZ1$b14727905
029 1 $aUKBOR$b12735171X
029 1 $aUKDOR$b12735171X
029 1 $aUNITY$b12735171X
029 1 $aUKMGB$b016076757
029 1 $aAU@$b000061866481
994 $aZ0$bP4A
948 $hNO HOLDINGS IN P4A - 40 OTHER HOLDINGS